000 01889nam a2200241Ia 4500
003 Ost
005 20260416102356.0
008 260416s9999||||xx |||||||||||||| ||und||
040 _cfsecg
041 _aara
082 _a657
100 _aراحو، بلال
_eمؤلف
245 0 _aمحاضرات في مقياس المحاسبة المالية :
_bمطبوعة بيداغوجية موجهة لطلبة السنة الأولى جذع مشترك علوم اقتصادية علوم تجارية و علوم التسيير /
_c بلال راحو
260 _aالجزائر
_bجامعة الجزائر3: كلية العلوم الإقتصادية، العلوم التجارية وعلوم التسيير
_c2021
300 _a122 ورقة
_bايضاحات
_c30 سم
504 _aببليوغرافيا: ص. ص. 121-122
520 _aعموميات حول المحاسبة المالية، الحساب والدفاتر المحاسبية، دراسة حسابات الصنف 10 "رؤوس الأموال الخاصة"، دراسة حسابات الصنف الثاني "التثبيتات"، المعالجة المحاسبية لحسابات الصنف الثالث " المخزونات"، دراسة المعالجة المحاسبية لحسابات الصنف 4 "حسابات الغير"، دراسة المعالجة المحاسبية لحسابات الصنف 5 "الحسابات المالية"، دراسة المعالجة المحاسبية لعمليات حسابات التسيير، الأعمال المحاسبية في نهاية السنة، القوائم المالية.
653 _aالمالية
653 _aالمحاسبة
653 _aالمحاسبة المالية
710 _aجامعة الجزائر3: كلية العلوم الإقتصادية، العلوم التجارية وعلوم التسيير
_eناشر علمي
942 _cHANDOUT
999 _c41233
_d41233